| 000 | 01643cam a22004337a 4500 | ||
|---|---|---|---|
| 001 | 000094715 | ||
| 003 | CHAP | ||
| 005 | 20220329143040.0 | ||
| 008 | 051021d2005 mx a r 00110 spa d | ||
| 010 | _a91181 | ||
| 011 | _a92153 | ||
| 035 | _a102716 | ||
| 040 | _cCHAP | ||
| 090 | _aTesis | ||
| 100 | 0 | 0 |
_aFranco Islas, Ma. Guadalupe. _942964 |
| 245 | 1 | 0 |
_aEstrategias de colonización de las plantas para la restauración de jales de minas, en la sierra de catorce, S.L.P. / _c/por Ma. Guadalupe Franco Islas. |
| 260 |
_aChapingo, Méx. : _bEl autor, _c2005. |
||
| 300 |
_a128 h. : _bilus.; gráfs.; cuadros. |
||
| 502 | _aTesis (M.C. Forestales) -- UACH. Departamento de Ciencias Forestales | ||
| 590 |
_aALEPH _b10 _c20130110 _lUCH01 _h1507 |
||
| 590 |
_aBATCH-UPD _b10 _c20130110 _lUCH01 _h0352 |
||
| 590 |
_aBATCH-UPD _b10 _c20130110 _lUCH01 _h2112 |
||
| 590 |
_aBATCH-UPD _b10 _c20130410 _lUCH01 _h0026 |
||
| 590 |
_aBATCH-UPD _b10 _c20130914 _lUCH01 _h1153 |
||
| 590 |
_aBATCH-UPD _b10 _c20140324 _lUCH01 _h1452 |
||
| 590 |
_aBATCH-UPD _b10 _c20141002 _lUCH01 _h0827 |
||
| 590 |
_aCONVERSION _b10 _c20130109 _lUCH01 _h1350 |
||
| 590 |
_aE12093SGE _b10 _c20130717 _lUCH01 _h1228 |
||
| 650 | 1 | 4 |
_aDesechos _xIndustria. _932121 |
| 650 | 1 | 4 |
_aIndustrias mineras _xSan Luis Potosí. _958020 |
| 650 | 1 | 4 |
_aMinas y recursos minerales _xSan Luis Potosí. _975920 |
| 856 |
_3Finding aid _uhttp://10.13.5.2/tesis/102716.pdf _zTeclea aquí |
||
| 901 | _aBK | ||
| 905 | _aElisama A. H. | ||
| 942 | _cCD | ||
| 942 | _n0 | ||
| 949 |
_aTesis _bBC _cTES _d102716 _eTS1 _h43914 _i102716 _sb |
||
| 949 |
_aTesis _bBC _cTES _d33724000961967 _eTS2 _fc.2 _h43915 _i102716 _si |
||
| 999 |
_c91181 _d91181 |
||